Ako vstupovať bránou chrámu

Bibliographic Details
Main Author: -gm- (Author)
Format: Article
Language:Slovak
ISSN:0139-8512
Subjects:

MARC

LEADER 00000nab a2200000 a 4500
001 vtls000752787
003 SK-MaSNL
005 20260302192303.0
008 180205c2001 xo 0 slo
015 |a SNBRB2001/04-10647 
035 |a CLN000104575 
040 |a SNKBUCL  |b slo  |c SNKBUCL  |e AACR2 
041 0 |a slo 
044 |a xo  |c SK 
080 |a 264-03  |2 UDC-MRF-SK2 
080 |a 282  |2 UDC-MRF-SK2 
100 0 |a -gm-  |4 aut  |9 909203 
245 1 0 |a Ako vstupovať bránou chrámu  |c [autor] - gm- 
650 0 7 |a liturgia rímskokatolícka  |x symbolika  |x výklady  |2 snkbucl  |9 908934 
655 7 |a články z novín a časopisov  |2 snkbucl  |9 267496 
773 0 |x 0139-8512  |t Katolícke noviny  |g Roč. 116, č. 6 (2001), s. 11 
850 |a Slovenská národná knižnica v Martine 
852 |a SNK  |b KIS3GCP 
958 |a RBX 
999 |c 1440200  |d 1442130